El número y su didáctica en el nivel inicial.
Distintas experiencias con alumnos del nivel inicial relacionadas con el número a partir del juego. Juegos de naipes, los dados, etc.
Guardado en:
| Formato: | |
|---|---|
| Series: | Un, dos, tres, probando
|
| Materias: | |
| Etiquetas: |
Agregar Etiqueta
Sin Etiquetas, Sea el primero en etiquetar este registro!
|
| LEADER | 01008ngm a22003015g 4500 | ||
|---|---|---|---|
| 001 | CEM.cems022570 | ||
| 008 | 130507b2001##################0###0#####d | ||
| 005 | 20241107184421.0 | ||
| 245 | 0 | 0 | |a El número y su didáctica en el nivel inicial. |
| 300 | |a 20'. | ||
| 490 | 0 | |a Un, dos, tres, probando | |
| 500 | |a En soporte VHS, consultar en ventanilla. | ||
| 520 | |a Distintas experiencias con alumnos del nivel inicial relacionadas con el número a partir del juego. Juegos de naipes, los dados, etc. | ||
| 538 | |a Soporte: VHS - Norma: Pal N - Color: Si - Grabación DRD 2001 - Hitachi=5340 | ||
| 082 | 3 | 7 | |/ LFE-2 |
| 653 | |a DIDACTICA | ||
| 653 | |a NUMERO | ||
| 653 | |a MATEMATICA | ||
| 653 | |a JUEGO | ||
| 653 | |a NIVEL INICIAL | ||
| 653 | |a JARDIN DE INFANTES | ||
| 653 | |a EDUCACION INICIAL | ||
| 653 | |a EDUCACION | ||
| 653 | |a NAIPES | ||
| 653 | |a DADOS | ||
| 653 | |a NIVEL PRIMARIO | ||
| 653 | |a NIVEL SECUNDARIO | ||
| 859 | |a CEMS |b BIB. CEMS - Depto. Recursos Didacticos |h 370 |i LFE-2 |k DRD |p 1213.12 |t Ej.1 | ||
